000 00573nam a22001577a 4500
003 OSt
005 20150916110623.0
008 150916b xxu||||| |||| 00| 0 eng d
040 _cRUA
082 _aAGR NIV 2002 B027 Or.1
100 _9583
_aNIV, RATHPHYRUM.
245 _astudy on rice product and its market in cambodia (ការសិក្សាអំពីផលិតផលស្រូវនិងទីផ្សារនៅក្នុងប្រទេសកម្ពុជា)
260 _aPhnom Penh
_bRUA
_c2002
300 _a69p.
_bill.
_c29cm.
942 _2ddc
_cAGR
999 _c561
_d561